Early pridiction of strength of concrete by using ultrasonic pulse velocity (Record no. 550982)
[ view plain ]
| 000 -LEADER | |
|---|---|
| fixed length control field | 00361nam a22001217a 4500 |
| 082 ## - DEWEY DECIMAL CLASSIFICATION NUMBER | |
| Classification number | P-15 |
| 100 ## - MAIN ENTRY--PERSONAL NAME | |
| Personal name | Asim Bashir |
| 9 (RLIN) | 47879 |
| 245 ## - TITLE STATEMENT | |
| Title | Early pridiction of strength of concrete by using ultrasonic pulse velocity |
| Statement of responsibility, etc. | Asim Bashir, Ajmal Khan Afridi |
| 260 ## - PUBLICATION, DISTRIBUTION, ETC. | |
| Place of publication, distribution, etc. | Risalpur |
| Name of publisher, distributor, etc. | MCE |
| Date of publication, distribution, etc. | 31-5-1999 |
| 526 ## - STUDY PROGRAM INFORMATION NOTE | |
| Program name | 0 |
| Interest level | 0 |
| Reading level | 0 |
| Title point value | P_15 |
| 650 ## - SUBJECT ADDED ENTRY--TOPICAL TERM | |
| Topical term or geographic name entry element | Projs |
| 9 (RLIN) | 47880 |
| 942 ## - ADDED ENTRY ELEMENTS (KOHA) | |
| Source of classification or shelving scheme | |
| Koha item type | Book |
| Withdrawn status | Lost status | Source of classification or shelving scheme | Damaged status | Not for loan | Permanent Location | Current Location | Date acquired | Total Checkouts | Full call number | Barcode | Date last seen | Date last checked out | Price effective from | Koha item type | Public note |
|---|---|---|---|---|---|---|---|---|---|---|---|---|---|---|---|
| Military College of Engineering (MCE) | Military College of Engineering (MCE) | 11/28/2014 | 1 | P-15 | MCE-P-15 | 03/26/2015 | 03/26/2015 | 11/28/2014 | Book | Projs |
